00446nam a22001217a 4500003000200000005001700002008004100019050002400060245011500084260007400199300002400273500002700297020230626082655.0230626b xxu||||| |||| 00| 0 eng d aHF 5415b.Ag36 2022 aM-commerce application for stuffshop of Southville International School and Colleges cAgorilla, Oscar Jr. P.  aLas Piñas CitybSouthville International School and CollegescC2022 axv, 178pp. c28cm.  aCommerce application.